Quizzes
Events
Quiz Creation
Community
Videos
Private Events
Remove Ads
Sign In
Join for FREE
Feedback
Dark Mode
Quiz Categories
Sports
Geography
Music
Movies
Television
Just For Fun
Miscellaneous
History
Literature
Language
Science
Gaming
Entertainment
Religion
Holiday
For Kids
Quiz Lab
Recent
Popular Today
Quiz Kudos Today
Editor Picks
Curator Picks
Quizzes by...
Day
Popularity
Type
Ratings
Length
Year
Community
Subscriptions
Recent Discussions
Orange Saloon
Badges
Playlists
Quests
Create
Leaderboards
Showdown
Live 5
Trivia Bingo
Activity
Puzzle Library
Sporcle Events
Private Events
Virtual Trivia
Globe League
Become a Host
Pub Owners
SporcleCon
Opinionation
Our Games
Videos
Blog
Mobile Apps
Partnerships
Remove Ads and Go Orange
Feedback
Sports
Athletes
MLB
NBA
NHL
NFL
Soccer
Sports Teams
WWE
NCAA
Football
Premier League
Basketball
Baseball
Hockey
Golf
Tennis
Cricket
Rugby
Auto Racing
Olympics
World Cup
Sports
Athletes
MLB
NBA
NHL
NFL
Soccer
Sports Teams
WWE
NCAA
Football
Premier League
Basketball
Baseball
Hockey
Golf
Tennis
Cricket
Rugby
Auto Racing
Olympics
World Cup
Random Quiz
Search Sporcle
×
Quiz Lab
Quiz Lab
Sports
NBA
Type in answers that appear in a list
Type in answers that appear in a list
Classic
Best Score? Go Orange.
Boston Celtics Winning 5s Stats
Can you name the players who were starters for Boston Celtics each season they were NBA Champions ?
By
Torres35
10m
85 Questions
939 Plays
939 Plays
939 Plays
Comments
Comments
Give Quiz Kudos
Give Quiz Kudos
-
- Ratings
hide this ad
Replay
Link that replays current quiz
Next Quiz
Link to next quiz in quiz playlist
You Got
0%
They Got
Avg Score
77%
Avg Friend Score
Upgrade to see
Score Distribution
Jump to the score distribution portion of the page
Score
0/85
Timer
10:00
0
Plays Today
% Correct
Bill Russell
98.8%
Bill Russell
98.8%
Bill Russell
98.8%
Bill Russell
98.8%
Bill Russell
98.8%
Bill Russell
98.8%
Bill Russell
98.8%
Bill Russell
98.8%
Bill Russell
98.8%
Bill Russell
98.8%
Bill Russell
98.8%
Larry Bird
98.6%
Larry Bird
98.6%
Larry Bird
98.6%
Kevin Garnett
98.4%
Paul Pierce
98.2%
Rajon Rondo
97.9%
Ray Allen
97.5%
Kevin McHale
96.6%
Bob Cousy
95.7%
Bob Cousy
95.7%
Bob Cousy
95.7%
Bob Cousy
95.7%
Bob Cousy
95.7%
Bob Cousy
95.7%
Robert Parish
95.5%
Robert Parish
95.5%
Robert Parish
95.5%
John Havlicek
94.4%
% Correct
John Havlicek
94.4%
John Havlicek
94.4%
John Havlicek
94.4%
John Havlicek
94.4%
Sam Jones
93.6%
Sam Jones
93.6%
Sam Jones
93.6%
Sam Jones
93.6%
Sam Jones
93.6%
Sam Jones
93.6%
Sam Jones
93.6%
K. C. Jones
93.4%
K. C. Jones
93.4%
K. C. Jones
93.4%
Kendrick Perkins
92.2%
Dennis Johnson
89.5%
Dennis Johnson
89.5%
Danny Ainge
87%
Dave Cowens
83.1%
Dave Cowens
83.1%
Tom Heinsohn
78.6%
Tom Heinsohn
78.6%
Tom Heinsohn
78.6%
Tom Heinsohn
78.6%
Tom Heinsohn
78.6%
Tom Heinsohn
78.6%
Tom Heinsohn
78.6%
Jo Jo White
77.5%
Jo Jo White
77.5%
% Correct
Cedric Maxwell
74.8%
Cedric Maxwell
74.8%
Nate Archibald
74.1%
Bill Sharman
67.1%
Bill Sharman
67.1%
Bill Sharman
67.1%
Bill Sharman
67.1%
Satch Sanders
53.1%
Satch Sanders
53.1%
Satch Sanders
53.1%
Satch Sanders
53.1%
Paul Silas
43.9%
Paul Silas
43.9%
Frank Ramsey
40.7%
Frank Ramsey
40.7%
Gerald Henderson
40%
Bailey Howell
35.3%
Bailey Howell
35.3%
Chris Ford
34.2%
Jim Loscutoff
33.8%
Jim Loscutoff
33.8%
Jim Loscutoff
33.8%
Jim Loscutoff
33.8%
Larry Siegfried
27.1%
Larry Siegfried
27.1%
Charlie Scott
25.4%
Don Chaney
24.7%
Quiz Playlist
Details
Report
Send in Message
Add To Playlist
Classic:
Type in answers that appear in a list
Last Updated: Feb 16, 2017
Quiz Scoreboard
CHALLENGE
Sign Up to Join the Scoreboard
Show All
Scores
Hide
Comments
May contain spoilers
Recently Published
9x9 Crossword: Cartoon Network
by jackfrog10
Miscellaneous
3m
College Basketball Coaching Resumes
by pancakes188
Sports
9m
Billboard Blitz: Fleetwood Mac
by CooCooCachoo
Music
15s
More to Explore
Quiz From the Vault
Featured Blog Post
Where Did the Easter Bunny Come From?
hide this ad
You Might Also Like...
Tags
NBA Quiz
Boston
Boston Celtics
celtic
champion
Player
season
Starter
Winning
Today's Top Quizzes in Sports
Browse Sports
hide this ad
Today's Top Quizzes in NBA
Browse NBA
Top Contributed Quizzes in Sports
1
2022 World Cup Stars
2
Les meilleurs buteurs des matchs entre le PSG et l’OM
3
FIFA Club World Cup Champions
4
Les entraîneurs de l'OM et du PSG au 21e siècle
5
Criteria MLB: Left Handed Sluggers
6
2023 MLB Unique Player Accomplishments
7
AFC Teams Reveal (Wrong Answers Minefield)
8
Players with Multiple 50 Home Run Seasons
9
5-to-1: FBS Animal Nicknames
10
5-to-1: UK Sports Teams
Explore More
Trending Topics
Marvel
Anime
NBA
Harry Potter
Crossword
Disney
Kpop
The Office
Puzzle
WWE
Country
NFL
Pokémon
Soccer
Song
hide this ad
More By:
Torres35
Quiz
Plays
Rating
Category
Featured
Created
NBA: Western or Eastern Conference?
57,439
4.23
Sports
Jan 8, 2015
NBA Winners Starting 5 (Since 1969)
4,436
4.76
Sports
Jul 1, 2014
NBA season scoring leaders
3,488
4.71
Sports
Jan 11, 2015
Chicago Bulls Winning 5s
2,385
4.45
Sports
Jan 9, 2015
Euroleague Winners Starting 5s
2,165
4.00
Sports
May 17, 2015
Go to Creator's Profile
Score Distribution
Quiz Creator Spotlight
Torres35
Follow
Send a Message
Quizzes Created
-
Created Quiz Play Count
-
More By This Creator
Popular Quizzes Today
1
Find the US States - No Outlines Minefield
2
Find the Countries of Europe - No Outlines Minefield
3
The Countries of the World
4
Find the US States
5
Risky Map Clicking: Biggest States A-Z
6
US States
7
Popular People in 1961
8
Movies - When Are They Set?
More Sports Quizzes
99 in Test Cricket
Quiz Lab
Trending Quizzes
Risky Map Clicking: Least Populous States A-Z
1-10 Letter G Words
Risky Map Clicking: Next State Alphabetically
Adjectives in 80s TV Shows
The Seven Year Switch: Catherine
Recently Updated
Leaping Animals
pecheneg
Reality TV Shows (A-Z)
bhenderson79
Rickey Henderson's Hall of Fame Teammates
pecheneg
Champions League XIs: Arsenal
pecheneg
Quick Pick: Celebrities in WWE's Hall of Fame
aduchscher
A-Z Keypad Blitz II
pecheneg
Multiple Oscar Actors
pecheneg
Mystery Phrase Blitz: Oscar 'Best Actors'
pecheneg
F. Scott Fitzgerald Novels
LTH
Pick 3 Villains
ddd62291
Trending Topics
NBA
Marvel
Kpop
Crossword
Anime
Harry Potter
Disney
Soccer
NFL
Country
Song
Pokémon
The Office
WWE
Puzzle
Your Account Isn't Verified!
In order to create a playlist on Sporcle, you need to verify the email address you used during registration. Go to your
Sporcle Settings
to finish the process.
Report this User
Report this user for behavior that violates our
Community Guidelines
.
Details:
Send Report
Go to the Sporcle.com Mobile Site →
Comments